Martin Dojčenský ústav

Zobrazenie: Pohľad na budovu dojčenského ústavu

Bibliographic Details
Format: Postcard
Language:Slovak
PhysicalDescription:1 pohľadnica čiernobiela 11 x 15 cm
Published: Bratislava Slovenské vydavateľstvo politickej literatúry 1960
Subjects:

MARC

LEADER 00000nkm a2200000 a 4500
001 vtls011893001
003 SK-MaSNL
005 20260512123111.0
007 kp bo
008 240131s1960 xo g 0k|slo
015 |a SNBG1960 
035 |a urn:nbn:sk:snk-km00ehgo 
035 |a urn:nbn:sk:snk-km45y0g 
035 |a 5B0AC943-196C-4788-A79C-B51CF7DB7DAF 
040 |a SNK  |b slo  |c SNK  |e AACR2 
041 0 |a slo 
043 |a e-xo--- 
044 |a xo  |c SK 
072 7 |a 913  |x Regionálna geografia  |2 konspekt 
080 |a 913(437.6)  |2 2011 
080 |a (084.121)  |2 2011 
080 |a 721  |2 2011 
245 0 0 |a Martin  |h grafika  |b Dojčenský ústav 
260 |a Bratislava  |b Slovenské vydavateľstvo politickej literatúry  |c 1960 
300 |a 1 pohľadnica  |b čiernobiela  |c 11 x 15 cm 
520 8 |a Zobrazenie: Pohľad na budovu dojčenského ústavu 
650 0 7 |a budovy  |2 SNKPH  |9 1283 
651 7 |a Martin (Slovensko)  |2 SNKPHgeo  |9 16875 
655 7 |a miestne pohľadnice  |2 SNKPH  |9 70510 
852 |a Slovenská národná knižnica 
958 |a GBN 
958 |a GC 
958 |a OND 
958 |a EUIPO 
999 |c 691249  |d 693179 
952 |a SNK  |b SNK  |y PREZ  |7 0  |p 17A1379419  |o snkSP 106901  |0 0  |1 0  |4 0  |d 2019-10-10  |f 1  |l 0  |r 2026-02-23 20:27:14  |w 2026-02-23